Т. 2: Универсальные законы механики и электродинамики сплошных сред; Механика сплошной среды

Detalles Bibliográficos
Parent link:Механика сплошной среды: учебное пособие: в 4 т./ Ю. И. Димитриенко. Т. 2: Универсальные законы механики и электродинамики сплошных сред.— , 2011.— 978-5-7038-3385-8
Summary:Второй том учебного пособия посвящен систематизированному изложению универсальных законов механики и электродинамики сплошной среды. Рассмотрены кинематика сплошных сред, теория коротационных производных, законы сохранения механики и уравнения электродинамики сплошных сред, принципы построения определяющих соотношений для различных типов сплошных сред при произвольных конечных деформациях, теория скачков функций на поверхностях сильных разрывов, в том числе в электромагнитном поле, теория размерностей. Содержание учебного пособия соответствует курсам лекций, читаемых в МГТУ им. Н.Э. Баумана. Для студентов старших курсов и аспирантов математических, физических, естественно-научных кафедр университетов и технических вузов, а также для специалистов, занимающихся различными вопросами механики и электродинамики сплошных сред.
Idioma:ruso
Publicado: 2011
Subjects:
Formato: MixedMaterials Libro
KOHA link:https://koha.lib.tpu.ru/cgi-bin/koha/opac-detail.pl?biblionumber=209155

MARC

LEADER 00000nam2a2200000 4500
001 209155
005 20231101225521.0
010 |a 9785703834381 
035 |a (RuTPU)RU\TPU\book\228469 
090 |a 209155 
100 |a 20120209d2011 m y0rusy50 ca 
101 0 |a rus 
102 |a RU 
105 |a a j 001zy 
200 0 |a Т. 2: Универсальные законы механики и электродинамики сплошных сред 
210 |d 2011 
215 |a 560 с.  |c ил. 
320 |a Библиогр.: с. 547-551. 
320 |a Предметный указатель: с. 552-559. 
330 |a Второй том учебного пособия посвящен систематизированному изложению универсальных законов механики и электродинамики сплошной среды. Рассмотрены кинематика сплошных сред, теория коротационных производных, законы сохранения механики и уравнения электродинамики сплошных сред, принципы построения определяющих соотношений для различных типов сплошных сред при произвольных конечных деформациях, теория скачков функций на поверхностях сильных разрывов, в том числе в электромагнитном поле, теория размерностей. Содержание учебного пособия соответствует курсам лекций, читаемых в МГТУ им. Н.Э. Баумана. Для студентов старших курсов и аспирантов математических, физических, естественно-научных кафедр университетов и технических вузов, а также для специалистов, занимающихся различными вопросами механики и электродинамики сплошных сред. 
461 1 |0 (RuTPU)RU\TPU\book\239148  |y 978-5-7038-3385-8  |t Механика сплошной среды  |o учебное пособие: в 4 т.  |f Ю. И. Димитриенко  |v Т. 2: Универсальные законы механики и электродинамики сплошных сред  |d 2011 
606 1 |a Механика сплошных сред  |2 stltpush  |3 (RuTPU)RU\TPU\subj\43578  |9 63063 
610 1 |a сплошные среды 
610 1 |a кинематика 
610 1 |a законы сохранения 
610 1 |a тензоры 
610 1 |a полярное разложение 
610 1 |a коротационные производные 
610 1 |a законы термодинамики 
610 1 |a электродинамика 
610 1 |a деформации 
610 1 |a уравнения совместимости 
610 1 |a определяющие соотношения 
610 1 |a материальная симметрия 
610 1 |a принцип Онзагера 
610 1 |a электромагнитные среды 
610 1 |a разрывы 
610 1 |a поверхности 
610 1 |a размерности 
610 1 |a учебные пособия 
675 |a 531/534(075.8)  |v 3 
801 1 |a RU  |b 63413507  |c 20120209 
801 2 |a RU  |b 63413507  |c 20150513  |g RCR 
900 |a Механика сплошной среды 
942 |c BK 
951 |b 010100  |b 011200  |b 151900 
959 |a 20/20120209  |d 2  |e 357,50  |f ЧЗТЛ:1  |f АНЛ:1